Szczegóły MARC21

On the practice of legal and specialized translation : papers from the Third International Forum of Legal and Specialized Translation, held in Cracow on 7th and 8th September, 1996 /

003 -Nazwa inst., której nr kontr. jest w polu 001 [,]
    • @
    • Nazwa instytucji, której n kontrolny jest w polu 001
    • NUKAT
005 -DATA I CZAS OSTATNIEJ MODYFIKACJI [,]
    • @
    • pole kontrolne
    • 20241231100227.0
020 -Międzynarod. znormalizowany nr książki - ISBN [ , ]
    • a
    • Numer ISBN
    • 8385430385 Find
040 -Instytucja sporządzająca opis [ , ]
    • a
    • Instytucja, która sporządziła opis (NP)
    • WA U/58MCS
    • c
    • Instytucja, która sporządziła rekord (NP)
    • WA U/MCS
    • d
    • Instytucja, która zmodyfikowała rekord (P)
    • WA U/MCS
041 -Język dokumentu [0, ]
    • a
    • Język tekstu (P)
    • angielski
    • a
    • Język tekstu (P)
    • polski
    • a
    • Język tekstu (P)
    • francuski
    • a
    • Język tekstu (P)
    • niemiecki
942 -Rodzaj dokumentu [ , ]
    • c
    • Rodzaj dokumentu
    • Książka
111 -Hasło główne - nazwa imprezy [2, ]
    • a
    • Nazwa imprezy (NP)
    • International Forum of Legal and Specialised Translation Find
    • n
    • Numer imprezy (P)
    • (3 ;
    • d
    • Data imprezy (NP)
    • 1996 ;
    • c
    • Miejsce imprezy (NP)
    • Kraków).
    • 9
    • KHW
    • 645207
245 -Strefa tytułu i oznaczenia odpowiedzialności [1,0]
    • a
    • Tytuł
    • On the practice of legal and specialized translation : Find
    • b
    • Ciąg dalszy tytułu (NP)
    • papers from the Third International Forum of Legal and Specialized Translation, held in Cracow on 7th and 8th September, 1996 / Find
    • c
    • Pozostałe elementy strefy tytułu i oznaczenia odpowiedzialności (NP)
    • ed. by Zofia Rybińska ; gen. ed. Danuta Kierzkowska.
260 -Strefa adresu wydawniczego [ , ]
    • a
    • Miejsce wydania (P)
    • Warsaw :
    • b
    • Nazwa wydawcy (P)
    • TEPIS,
    • c
    • Data wydania (P)
    • 1997.
300 -Strefa opisu fizycznego [ , ]
    • a
    • Określenie formy książki i/lub objętość (NP)
    • 187 s. :
    • b
    • Oznaczenie ilustracji (NP)
    • il. ;
    • c
    • Format (NP)
    • 20 cm.
336 -Typ zawartości [ , ]
    • a
    • Termin opisujący typ zawartości
    • Tekst
    • b
    • Kod określający zawartość
    • txt
    • 2
    • Źródło (terminu i kodu)
    • rdacontent
337 -Typ mediów [ , ]
    • a
    • Tryb odtwarzania
    • Bez urządzenia pośredniczącego
    • b
    • Kod typu mediów
    • n
    • 2
    • Źródło (terminu i kodu)
    • rdamedia
338 -Typ/rodzaj nośnika [ , ]
    • a
    • Hasło opisujące typ nośnika
    • Wolumin
    • b
    • Kod typu nośnika
    • nc
    • 2
    • Źródło (terminu i kodu)
    • rdacarrier
504 -Uwaga dot. bibliogr. załącznikowej [ , ]
    • a
    • Uwaga dot. bibliografii załącznikowej
    • Bibliogr. przy niektórych art.
546 -Uwaga dot. języka [ , ]
    • a
    • Uwaga dot. języka
    • Art. w jęz. ang., pol., fr., niem.
080 -Uniwersalna Klasyfikacja Dziesiętna [ , ]
    • a
    • Symbol klasyfikacji
    • 801.31(061)=20=30
080 -Uniwersalna Klasyfikacja Dziesiętna [ , ]
    • a
    • Symbol klasyfikacji
    • +801.54(061)=20=30
080 -Uniwersalna Klasyfikacja Dziesiętna [ , ]
    • a
    • Symbol klasyfikacji
    • :82.03(061)=20=30
650 -Hasło przedmiotowe [ ,7]
    • a
    • Hasło przedmiotowe
    • Tłumaczenie.
    • 2
    • Źródło terminu
    • kaba
    • 9
    • KHW
    • 134191
980 -Symbol UKD [ , ]
    • a
    • UKD
    • 801.31+801.54:82.03](061)=20=30
700 -Hasło dodatkowe - nazwa osobowa [1, ]
    • a
    • Nazwa osobowa (NP)
    • Rybińska, Zofia. Find
    • e
    • Określenie rodzaju współpracy
    • Red.
    • 9
    • KHW
    • 88982
700 -Hasło dodatkowe - nazwa osobowa [1, ]
    • a
    • Nazwa osobowa (NP)
    • Kierzkowska, Danuta Find
    • d
    • Daty biograficzne (NP)
    • (1939- ).
    • e
    • Określenie rodzaju współpracy
    • Red.
    • 9
    • KHW
    • 484620
920 -ISBN [ , ]
    • a
    • ISBN
    • 83-85430-38-5 Find
Sygnatura Numer inwentarzowy Status udost. Data inwentaryzacji Lokalizacja
ANG. Translatoryka 39A.702812003-11-03BM